Minecraft Wood Types - One Minute Sprint! - Statistics

General Stats
  • This quiz has been taken 124 times
    72 since last reset
  • The average score is 9 of 11
Answer Stats
Wood % Correct
Oak
98%
Birch
97%
Dark Oak
95%
Spruce
89%
Acacia
84%
Jungle
80%
Cherry
73%
Crimson
64%
Warped
64%
Mangrove
55%
Pale Oak
50%
No matching quizzes found
Score Distribution
Percent of People with Each Score
Percentile by Number Answered
Your Score History
You have not taken this quiz since the last reset